=LDR 00000nam 2200000 4500 =001 INLIS000000000017838 =005 20130612113039 =008 ***********************************Ind** =035 ##$$0010-061300000017838 =041 ##$$a Ind =082 ##$$a 2x1.1 =090 ##$$a 2x1.1, Tha q =100 ##$$a Thantawi, Moh. Sayyid =245 ##$$a Al-quran dan lailatulqadar, Moh Thantawi ; penerjemah, Imron Rosadi =260 ##$$a 2001 $b Jakarta =300 ##$$a 158 hlm, 21 cm =650 ##$$a Al-Quran-diturunkan =850 ##$$a NBPNMAT